Online Catalogue and eLibrary

In a man's world : (Record no. 2693)

MARC details
000 -LEADER
fixed length control field 00524nam a2200205Ia 4500
005 - DATE AND TIME OF LATEST TRANSACTION
control field 20240513011307.0
008 - FIXED-LENGTH DATA ELEMENTS--GENERAL INFORMATION
fixed length control field 240331s9999 xx 000 0 und d
020 ## - INTERNATIONAL STANDARD BOOK NUMBER
ISBN 0422602302
082 ## - DDC Classification
Item Number - Author Mark MAN
Class No. 331.4
100 ## - MAIN ENTRY--PERSONAL NAME
Personal name
245 #0 - TITLE STATEMENT
Title In a man's world :
Remainder of title essays on women in male-dominated professions
250 ## - EDITION STATEMENT
Edition statement 1 st
260 ## - PUBLICATION, DISTRIBUTION, ETC.
Place of publication, distribution, etc. London
Name of publisher, distributor, etc. Tavistock publications Ltd
Date of publication, distribution, etc. 1987
300 ## - PHYSICAL DESCRIPTION
Extent (e.g. Volumes, Pages etc.) 240 p .,
650 ## - SUBJECT ADDED ENTRY--TOPICAL TERM
Topical term or geographic name entry element Women
650 ## - SUBJECT ADDED ENTRY--TOPICAL TERM
Topical term or geographic name entry element sex
700 ## - ADDED ENTRY--PERSONAL NAME
Personal name Spencer, Anne
Relator term (Role) Editor
700 ## - ADDED ENTRY--PERSONAL NAME
Personal name Podmore, David
Relator term (Role) Editor
942 ## - Koha item type (Biblio)
Koha item type Books in Stacks (Lending)
Holdings
Lost status Damaged status Collection code Home library Current library Shelving location Date acquired Full call number Accession Number Item type
    Lending WERC Library WERC Library Social Science Cupboard 03/31/2024 331.4 MAN 571 Books in Stacks (Lending)

© WERC Library